แสดงรายละเอียดบรรณานุกรม
  กลับหน้าหลัก

Brief Record : Get Marc (ISO 2709) : E-mail record : QR code ปิดหน้าต่าง
E-books : เกี่ยวกับ Collections
LEADER 00000nam 2200000uu 4500
001    213761
003     ULIBM
008    020711s|||| th a 000 0 tha d
041    ^atha
060  4 WT100 ร831 ม.ป.ป
245    เรียนรู้การใช้เครื่องมือทางการพยาบาลในการเพิ่มคุณภาพบริการพยาบาล/^cบรรณาธิการ ขนิษฐา นันทบุตร
250    พิมพ์ครั้งที่ 1
260    ขอนแก่น :^bศูนย์วิจัยและพัฒนาระบบสุขภาพชุมชน คณะพยาบาลศาสตร์ มหาวิทยาลัยขอนแก่น (ศวช.),^cม.ป.ป.
300    103 หน้า :^bภาพประกอบ ;^c26 ซม.
650  4 ^aพยาบาล^xเครื่องมือ^xวิจัย
650  4 ^aบริการทางการพยาบาล^xคุณภาพ
700 0  ^aขนิษฐา นันทบุตร,^eบรรณาธิการ
710 2  ^a มหาวิทยาลัยขอนแก่น.^bคณะพยาบาลศาสตร์.^ศูนย์วิจัยและพัฒนาระบบสุขภาพชุมชน
999    ^aใช้งานได้ทุกระบบ
รายการนี้ยังไม่มีแท็ก
คุณยังไม่ได้ล็อกอิน คุณสามารถมีกิจกรรมร่วมกับเว็บไซต์ได้ แต่ต้องล็อกอินก่อน ::
  ล็อกอิน
ลำดับที่ ประเภท เลขเรียก สถานที่ สถานะ
1. หนังสือทั่วไป
หนังสือทั่วไป
WT100 ร831 ม.ป.ป ฉ.1 
  
ห้องสมุด หอพักนักศึกษา (ห้องเหลือง) On Shelf
  ขอยืม
   [แสดง 1/1 รายการ]

BibComment


ยังไม่เคยถูกคอมเมนท์

คอมเมนท์ทรัพยากรรายการนี้
  คอมเมนท์: เรียนรู้การใช้เคร..
Bib 213761

 
 
 

 Union Library Management : ULibM
Copyright 2026. All Rights Reserved.
скачать бесплатно без регистрации порно красивый секс HD Sex Hindi sex

xxx gou

xxxx

bfxxx

xxxwww

Секса Видео

xxxx

Секса Видео

detube

geilexxx

C99 Shell

worms shell

blod xxx video
Ebony Coed Rihanna Rimes Takes A Dick In Her Young Twat priyaa indian fuck anal and pusssy hardcore indian women xxx desi hardcore fucking part 1 bengalixxxcouple